000 00447cam a2200169ua 4500
003 OSt
008 241111b |||||||| |||| 00| 0 eng d
041 _aeng
082 _a631.587
_bPRI/FU
100 _aPriyani, V B .
_91801
245 _aFundamental principles of irrigation and water power /
250 _a9 /
260 _aAnand :
_bCharotar publishing house ,
_c1982.
500 _a19121-23 Scheme
700 1 _aRangwala, S C.
942 _cBK
999 _c376
_d376